000 01287nam a2200337Ia 4500
005 20150622093252.0
008 130821s2004 ck ab gr spa
020 _a9583367230
_c2004
020 _a9583389846
_c2005
020 _a9789584423269
_c2007
020 _a9789589895603
_c2008
020 _a9789589895634
_c2010
020 _a9789589895665
_c2011
022 _a2323-072X
040 _aCO-BoUCM
_bspa
_cJose A. Gerena (modificó)
_d[Nuevo]
041 0 0 _aspa
110 2 _aObservatorio Colombiano de Ciencia y Tecnología
_937182
245 1 0 _aIndicadores de ciencia y tecnología
_cObservatorio Colombiano de Ciencia y Tecnología
260 _aBogotá (Colombia)
_bObservatorio Colombiano de Ciencia y Tecnología
_c2004-
300 _avolúmenes
_bilustraciones, mapas, gráficas
650 0 7 _aCiencia y tecnología
_zColombia
_910790
650 0 7 _aDesarrollo científico y tecnológico
_zColombia
_952102
650 0 7 _aIndicadores científicos
_zColombia
_917300
650 0 7 _aInvestigación
_917968
650 0 7 _aSociología
_924766
690 _942914
_aSociología
700 1 _aDaza Caicedo, Sandra Patricia
_937183
700 1 _aLucio Arias, Diana Patricia
_937184
942 _cLIBRO
_a5
_e1
_mO14
_2DEWEY
_h303.483861
999 _c56328
_d56328